UM Logo
Normal view MARC view
  • Shan, Mingjie.

Entry Personal Name

Number of records used in: 1

001 - CONTROL NUMBER

  • control field: 55663

003 - CONTROL NUMBER IDENTIFIER

  • control field: OSt

005 - DATE AND TIME OF LATEST TRANSACTION

  • control field: 20240401102959.0

008 - FIXED-LENGTH DATA ELEMENTS

  • fixed length control field: 240401|| aca||aabn | a|a d

040 ## - CATALOGING SOURCE

  • Original cataloging agency: OSt
  • Transcribing agency: OSt

100 ## - HEADING--PERSONAL NAME

  • Personal name: Shan, Mingjie.
  • Relator term: author.

670 ## - SOURCE DATA FOUND

  • Source citation: Work cat.: (OSt): Wang, Liqiao. author. 55662, A novel single-stage common-ground zeta-based inverter with nonelectrolytic capacitor /, September 2022.